| 000 | 01016nam a22003017a 4500 | ||
|---|---|---|---|
| 001 | 6955 | ||
| 003 | FISKH | ||
| 005 | 20250611152835.0 | ||
| 008 | 250611b cb ||||| |||| 00| 0 eng d | ||
| 020 | _a9780531070352 | ||
| 040 |
_aFISKH _beng _cFISKH _dFISKH |
||
| 050 | _aPZ7.J629 W | ||
| 082 | _a326 | ||
| 100 |
_aJohnson, Angela _d(1961–) |
||
| 245 |
_aWhen I am old with you / _cStory by Angela Johnson ; Pictures by David Soman |
||
| 250 | _aThis edition first published in 1990 | ||
| 260 |
_aNew York : _bOrchard, _c1990 |
||
| 300 |
_a28 unnumbered pages : _bcolor illustrations ; _c23 x 26 cm |
||
| 505 | _aJ | ||
| 520 | _aA child imagines being old with Grandaddy and joining him in such activities as playing cards all day, visiting the ocean, and eating bacon on the porch. | ||
| 521 | 8 |
_a440
_bLexile |
|
| 521 | 8 |
_aJ
_bRaz-Plus |
|
| 650 |
_2African American _aGrandparents |
||
| 650 |
_2Old age _aLove |
||
| 700 |
_aSoman, David _dillustrator |
||
| 942 |
_2ddc _cBK _n0 |
||
| 999 |
_c6955 _d6955 |
||